000 00244nam a2200097Ia 4500
001 659835
005 20250826160102.0
008 250824s9999 xx 000 0 und d
245 0 _ahavacılık ve uzay
_cLindsey Lowe
260 _bTÜBİTAK YAYINLARI
999 _c659835
_d659835